[Event "Hampstead U2200 Congress"]
[Site "London, England"]
[Date "2012.09.22"]
[Round "2"]
[White "Soon,Wai Cheong"]
[Black "Staples,Daniel"]
[Result "1-0"]
[WhiteElo "2107"]
[BlackElo "1996"]

1.e4 c6 2.Nf3 d5 3.Nc3 dxe4 4.Nxe4 Nf6 5.Nxf6+ exf6 6.d4 Bd6 7.Bd3 O-O 8.O-O
Qc7 9.h3 Rd8 10.Qe2 Nd7 11.c4 Nf8 12.Qc2 Ng6 13.Bd2 Bd7 14.b4 b5 15.c5 Bf8
16.a4 a6 17.Ra3 Be6 18.Rfa1 Rab8 19.Be3 Qd7 20.axb5 axb5 21.Nd2 Be7 22.Nb3 Nf8
23.Be4 g6 24.Ra7 Bxb3 25.Qxb3 Rb7 26.R7a6 Rc7 27.Rd1 Qc8 28.Rb6 Nd7 29.Rc1 f5
30.Bf3 g5 31.Bh5 Rf8 32.d5 Nxb6 33.cxb6 f4 34.Bd4 c5 35.bxc7 cxd4 36.Bg4 f5
37.d6+ Kg7 38.dxe7 Re8 39.Bf3 Rxe7 40.Bb7 Rxc7 41.Bxc8 Rxc1+ 42.Kh2 Rxc8
43.Qd5 Rc4 44.Qxb5 Rc7 {#r} 1-0

[Event "Hampstead U2200 Congress"]
[Site "London, England"]
[Date "2012.09.22"]
[Round "2"]
[White "Healey,Michael"]
[Black "Sagues,Vincent"]
[Result "1-0"]
[WhiteElo "2094"]
[BlackElo "1960"]

1.e4 e6 2.b3 d5 3.Bb2 Nf6 4.e5 Nfd7 5.Qg4 c5 6.f4 Nc6 7.Nf3 g6 8.Be2 Bg7 9.Na3
a6 10.c3 b5 11.Nc2 Bb7 12.O-O Qb6 13.Kh1 b4 14.Qh3 h6 15.d4 cxd4 16.cxb4 d3
17.Bxd3 Nxb4 18.Bd4 Nc5 19.Nxb4 Qxb4 20.a3 Qxb3 21.Bxg6 fxg6 22.Bxc5 Bc8
23.Qh4 Qb7 24.Qg4 Qf7 25.Bd6 Bf8 26.Rac1 Qf5 27.Qg3 Qd3 28.Rfd1 Qe4 29.Re1 Qd3
30.h3 Bxd6 31.exd6 O-O 32.Qh4 Ra7 33.Ne5 Qf5 34.Rxc8 Rxc8 35.d7 Rxd7 36.Nxd7
g5 37.Qxh6 Qxf4 38.Qxe6+ Kg7 39.Nf6 Rc1 40.Nh5+ {#r} 1-0

[Event "Hampstead U2200 Congress"]
[Site "London, England"]
[Date "2012.09.22"]
[Round "2"]
[White "Mareckova,Martina"]
[Black "Moss,Guy"]
[Result "1-0"]
[WhiteElo "2081"]
[BlackElo "1935"]

1.e4 c5 2.Nc3 e6 3.g3 Nf6 4.Bg2 d5 5.d3 Nc6 6.f4 Be7 7.e5 Nd7 8.Nf3 Nb6 9.O-O
O-O 10.Kh1 f6 11.exf6 Bxf6 12.Ne2 Bd7 13.c3 Kh8 14.d4 cxd4 15.Nexd4 Nc4 16.Re1
Re8 17.b3 Nd6 18.Ne5 Nxd4 19.Qxd4 Qc7 20.Bb2 Bc6 21.Rad1 Ne4 22.Bxe4 dxe4
23.c4 Bxe5 24.Qxe5 Qxe5 25.Bxe5 Rad8 26.Bd4 h6 27.Kg1 b6 28.Kf2 Kh7 29.Be5 Kg6
30.Bc7 Rc8 31.Be5 Rcd8 32.Ke3 Kf7 33.Bc7 Rc8 34.Bd6 Rcd8 35.Rd4 Rd7 36.Red1
Red8 37.a4 g6 38.Be5 Ke7 39.Ra1 a6 40.b4 Bb7 41.Rad1 b5 42.Bf6+ Kxf6 43.Rxd7
Rxd7 44.Rxd7 Bc6 {#r} 1-0

[Event "Hampstead U2200 Congress"]
[Site "London, England"]
[Date "2012.09.22"]
[Round "2"]
[White "Vlcek,Marek"]
[Black "Peiris,Gayan"]
[Result "0-1"]
[WhiteElo "1952"]
[BlackElo "2080"]

1.d4 d5 2.Nf3 c6 3.e3 e6 4.Bd3 Nd7 5.Nbd2 f5 6.Ne5 Nxe5 7.dxe5 Bd7 8.b3 c5
9.Bb2 Bc6 10.O-O Qd7 11.c4 Ne7 12.a3 O-O-O 13.Nf3 h6 14.b4 dxc4 15.Bxc4 b5
16.Be2 Qb7 17.Qc2 c4 18.Rad1 Bd5 19.Nd4 Nc6 20.f3 Be7 21.Nxc6 Bxc6 22.Bd4 a6
23.Qc3 Rd7 24.a4 Rc7 25.a5 Rd7 26.Bb6 Bd8 27.Rxd7 Bxd7 28.Bc5 Bc7 29.Rd1 Bc6
30.Bd6 Rd8 31.Bxc7 Rxd1+ 32.Bxd1 Qxc7 33.Bc2 g5 34.Qd4 Qe7 35.Qb6 Bb7 36.e4 f4
37.Kf2 h5 38.g3 fxg3+ 39.hxg3 Qf7 {#R} 0-1

[Event "Hampstead U2200 Congress"]
[Site "London, England"]
[Date "2012.09.22"]
[Round "2"]
[White "Sabin,Frank"]
[Black "Cannon,Richard"]
[Result "0-1"]
[WhiteElo "1940"]
[BlackElo "2071"]

1.d4 e6 2.c4 Nf6 3.Nc3 Bb4 4.a3 Bxc3+ 5.bxc3 c5 6.Nf3 O-O 7.d5 Ne4 8.e3 Qf6
9.Bb2 Qg6 10.Ne5 Qg5 11.Nf3 Qg6 12.Ne5 Qf5 13.Nf3 d6 14.Bd3 exd5 15.cxd5 Qxd5
16.Bxe4 Qxe4 17.Qxd6 Qc2 18.Qd2 Qxd2+ 19.Kxd2 Be6 20.Rhd1 Nc6 21.Ke1 Na5
22.Nd2 Rfd8 23.c4 Nxc4 24.Nxc4 Bxc4 25.a4 Bb3 26.Rdc1 b6 27.Ra3 Rd3 28.Bc3 Bd5
29.Kf1 Bc4 30.Ke1 Rad8 31.Raa1 Bd5 32.Kf1 Bc4 33.Ke1 Bb3 34.Ke2 R3d6 35.Be5
Rd2+ 36.Ke1 R2d5 37.Bc3 Rg5 38.Kf1 Bc4+ 39.Kg1 Bd5 40.g3 Bf3 41.a5 b5 42.a6
Rh5 43.Ra5 Rhd5 44.Kf1 Rd1+ 45.Rxd1 Rxd1+ 46.Be1 Rb1 {#R} 0-1

[Event "Hampstead U2200 Congress"]
[Site "London, England"]
[Date "2012.09.22"]
[Round "2"]
[White "Torrance,John"]
[Black "Springett,Michael"]
[Result "1-0"]
[WhiteElo "1707"]
[BlackElo "1375"]

1.d4 d5 2.Bg5 Nd7 3.Nd2 Ngf6 4.e3 e6 5.Ngf3 c6 6.Bd3 h6 7.Bh4 Be7 8.Ne5 Nxe5
9.dxe5 Nd7 10.Bg3 O-O 11.f4 Qb6 12.Qf3 Qxb2 13.O-O Bb4 14.Rfb1 Qc3 15.Be1 Qc5
16.Nb3 Qb6 17.Nd4 c5 18.a3 cxd4 19.Rxb4 Qc5 20.exd4 Qc7 21.f5 Qd8 22.Bd2 Nb8
23.f6 Nc6 24.fxg7 Kxg7 25.Bxh6+ Kxh6 26.Qh3+ Kg5 27.Rf1 Nxb4 28.Qg3+ Kh5
29.Be2+ Kh6 30.Rf6+ Qxf6 31.exf6 Nxc2 32.Qg7# {#r} 1-0

[Event "Hampstead U2200 Congress"]
[Site "London, England"]
[Date "2012.09.23"]
[Round "5"]
[White "Orishko,Yaroslav"]
[Black "Peiris,Gayan"]
[Result "1-0"]
[WhiteElo "2089"]
[BlackElo "2080"]

1.d4 d5 2.c4 c6 3.cxd5 cxd5 4.Nc3 Nf6 5.Nf3 e6 6.Bg5 Be7 7.e3 Nbd7 8.Bd3 a6
9.a3 b5 10.b4 Bb7 11.O-O Ne4 12.Bxe4 dxe4 13.Bxe7 Qxe7 14.Nd2 f5 15.Nb3 O-O
16.Nc5 Nb6 17.a4 Bd5 18.axb5 axb5 19.Nxd5 exd5 20.Ra5 Qe8 21.Qa1 Nc4 22.Ra7
Qb8 23.Rxa8 Qxa8 24.Ne6 Rc8 25.Qxa8 Rxa8 26.Nc7 Ra4 27.Nxd5 Kf7 28.h4 Ke6
29.Nc7+ Kd7 30.Nxb5 Rxb4 31.Nc3 Nb6 32.Ra1 Rc4 33.Ra7+ Rc7 34.Rxc7+ Kxc7
35.Kh2 Kd6 36.Kg3 Ke6 37.Kf4 g6 38.g4 h6 39.d5+ Kf6 40.g5+ hxg5+ 41.hxg5+ Ke7
42.Ke5 Nc4+ 43.Kd4 Nd6 44.Ne2 Nf7 45.Nf4 Nxg5 46.Nxg6+ Kf6 47.Nf4 Nf7 48.Kc5
Kg5 49.d6 Kg4 50.Kd5 Kf3 51.Ke6 Nxd6 52.Kxd6 Kxf2 53.Nd5 {#r} 1-0

[Event "Hampstead U2200 Congress"]
[Site "London, England"]
[Date "2012.09.23"]
[Round "5"]
[White "Hasman,Cengiz"]
[Black "Dargan,Paul"]
[Result "1-0"]
[WhiteElo "2132"]
[BlackElo "2148"]

1.d4 Nf6 2.c4 c5 3.dxc5 e5 4.g3 Bxc5 5.Bg2 Nc6 6.Nc3 O-O 7.a3 a5 8.e3 d6
9.Nge2 Be6 10.Nd5 Bxd5 11.cxd5 Ne7 12.O-O Ne8 13.Kh1 f5 14.Bd2 Nc7 15.b4 axb4
16.axb4 Bb6 17.Nc3 Qd7 18.Qe2 Kh8 19.Qc4 Rac8 20.Qb3 Ra8 21.Rfc1 Rfd8 22.Bf1
Rxa1 23.Rxa1 Rf8 24.f4 exf4 25.gxf4 Re8 26.Bg2 Ng8 27.Na4 Qb5 28.Nxb6 Qxb6
29.Qd3 Rf8 30.Bc3 Qb5 31.Bxg7+ Kxg7 32.Qc3+ Nf6 33.Qxc7+ Rf7 34.Qxd6 Ng4 35.h3
Nf2+ 36.Kh2 Qe8 37.Qe5+ Qxe5 38.fxe5 Nd3 39.e6 Re7 {#r} 1-0

[Event "Hampstead U2200 Congress"]
[Site "London, England"]
[Date "2012.09.23"]
[Round "5"]
[White "Soon,Wai Cheong"]
[Black "Dickens,Rupert"]
[Result "1-0"]
[WhiteElo "2107"]
[BlackElo "2005"]

1.e4 e6 2.d4 d5 3.Nd2 Nf6 4.e5 Nfd7 5.Bd3 c5 6.c3 Nc6 7.Ne2 cxd4 8.cxd4 f6
9.exf6 Nxf6 10.O-O Bd6 11.Nf3 Qc7 12.Bg5 O-O 13.Rc1 a6 14.Bb1 Bd7 15.Ng3 Be8
16.Re1 h6 17.Bxf6 Rxf6 18.Ne5 Qb6 19.Qd3 Bxe5 20.Qh7+ Kf8 21.dxe5 Rxf2 22.Kh1
Qxb2 23.Qh8+ Ke7 24.Qxg7+ Bf7 25.Rf1 Rg8 26.Qxh6 Qd2 27.Qh4+ Kd7 28.Rxf2 Qxc1+
29.Rf1 {#r} 1-0

[Event "Hampstead U2200 Congress"]
[Site "London, England"]
[Date "2012.09.23"]
[Round "5"]
[White "Cannon,Richard"]
[Black "Healey,Michael"]
[Result "1/2-1/2"]
[WhiteElo "2071"]
[BlackElo "2094"]

1.e4 e5 2.Nf3 Nc6 3.Bb5 a6 4.Ba4 Nf6 5.O-O Be7 6.Qe2 b5 7.Bb3 d6 8.c3 O-O 9.d3
Rb8 10.Nbd2 b4 11.Rd1 Nh5 12.Nf1 Nf4 13.Bxf4 exf4 14.d4 Kh8 15.e5 bxc3 16.bxc3
d5 17.Qd2 g5 18.Bc2 Rg8 19.Ne1 Na5 20.Bd3 Rb6 21.Rab1 Rc6 22.Qc2 Bg4 23.f3 Bd7
24.Bxh7 Nc4 25.Bxg8 Qxg8 26.Rb7 g4 27.Qf2 g3 28.hxg3 Rh6 29.gxf4 Qh7 30.Rb8+
Kg7 31.Qg3+ Rg6 32.Qh2 Rh6 33.Qg3+ $23 {#d} 1/2-1/2

[Event "Hampstead U2200 Congress"]
[Site "London, England"]
[Date "2012.09.23"]
[Round "5"]
[White "Mareckova,Martina"]
[Black "Oyama,Akito"]
[Result "1/2-1/2"]
[WhiteElo "2081"]
[BlackElo "1856"]

1.e4 c5 2.Nc3 Nc6 3.Bb5 Nd4 4.Bc4 e6 5.Nf3 a6 6.a4 b6 7.d3 Ne7 8.Nxd4 cxd4
9.Ne2 Nc6 10.O-O Bb7 11.f4 Bc5 12.Ng3 Qe7 13.Kh1 O-O-O 14.c3 h5 15.b4 h4
16.Ne2 Bd6 17.b5 axb5 18.axb5 Na5 19.cxd4 Nxc4 20.Qc2 h3 21.g3 f5 22.Qxc4+ Bc7
23.Ba3 d6 24.Nc3 Kd7 25.d5 Rh6 26.Rfe1 Qf7 {#d} 1/2-1/2

[Event "Hampstead U2200 Congress"]
[Site "London, England"]
[Date "2012.09.23"]
[Round "5"]
[White "Staples,Daniel"]
[Black "Pirau,Horatiu"]
[Result "0-1"]
[WhiteElo "1996"]
[BlackElo "2149"]

1.e4 Nf6 2.Nc3 d5 3.e5 Nfd7 4.d4 c5 5.dxc5 e6 6.Nf3 Bxc5 7.Bd3 Nc6 8.Bf4 Qb6
9.O-O Be7 10.Qe2 a6 11.a3 Nc5 12.b4 Nxd3 13.cxd3 O-O 14.Rfc1 Qd8 15.Qd2 Bd7
16.Ne2 Rc8 17.Rab1 b5 18.Rc2 f6 19.Ned4 Nxe5 20.Nxe5 fxe5 21.Bxe5 Rxc2 22.Qxc2
Bf6 23.Nf3 Be8 24.Bc7 Qe7 25.Qc5 Bg6 26.Bd6 Qd8 27.Bxf8 Qxf8 28.Rd1 Bb2 29.Qc6
Bxa3 30.Ne5 Bh5 31.Ra1 Bxb4 32.Rxa6 0-1

[Event "Hampstead U2200 Congress"]
[Site "London, England"]
[Date "2012.09.23"]
[Round "5"]
[White "Tasker,Michael"]
[Black "Dydak,Mateusz"]
[Result "1-0"]
[WhiteElo "2078"]
[BlackElo "1996"]

1.Nf3 f5 2.d4 Nf6 3.g3 g6 4.Bg2 Bg7 5.O-O O-O 6.c4 d6 7.d5 Na6 8.Nd4 Bd7 9.Nc3
Qe8 10.Rb1 c5 11.dxc6 bxc6 12.a3 Nc5 13.b4 Nce4 14.Bb2 Nxc3 15.Bxc3 Ne4 16.Ba1
Rc8 17.Nb3 Nc3 18.Bxc3 Bxc3 19.Qd3 Bg7 20.e3 Qf7 21.Rfc1 g5 22.f4 Qh5 23.a4
Rf6 24.Qd1 g4 25.h4 Qe8 26.b5 cxb5 27.cxb5 Rf8 28.Qd2 Rxc1+ 29.Rxc1 Qb8 30.Nd4
Bxd4 31.Qxd4 Be6 32.Bd5 Bxd5 33.Qxd5+ Kg7 34.Rc6 Rf7 35.Qc4 Qb7 36.a5 e5 37.b6
axb6 38.axb6 Rd7 39.Rc7 Qf3 40.Rxd7+ Kh6 41.Qe6+ Kh5 42.Rxh7# 1-0

[Event "Hampstead U2200 Congress"]
[Site "London, England"]
[Date "2012.09.23"]
[Round "5"]
[White "Giles,Yasmin"]
[Black "Warman,Simon"]
[Result "0-1"]
[WhiteElo "1970"]
[BlackElo "2067"]

1.e4 c5 2.Nc3 e6 3.Nf3 d5 4.exd5 exd5 5.d4 Nf6 6.Bg5 Be6 7.Be2 Nbd7 8.O-O b6
9.Bb5 Be7 10.Ne5 O-O 11.Nc6 Qe8 12.Nxe7+ Qxe7 13.Bc6 Rad8 14.Nxd5 Bxd5 15.Bxd5
h6 16.Re1 Qd6 17.Bxf6 Nxf6 18.Bf3 cxd4 19.Qd2 Nd7 20.h3 Ne5 21.Be2 Qg6 22.Kf1
Rd6 23.Rad1 Rc8 24.Bd3 Nxd3 25.Qxd3 Rxc2 26.Qa3 Rf6 27.Re2 Rxe2 28.Kxe2 Qc2+
{#R} 0-1

[Event "Hampstead U2200 Congress"]
[Site "London, England"]
[Date "2012.09.23"]
[Round "5"]
[White "Kennedy,Craig"]
[Black "Buyandalai,Tumen"]
[Result "0-1"]
[WhiteElo "1931"]
[BlackElo "2055"]

1.d4 Nf6 2.c4 g6 3.Nc3 Bg7 4.Nf3 d6 5.Bf4 Bg4 6.e3 Nfd7 7.Be2 Nc6 8.Bg3 O-O
9.O-O Bxf3 10.Bxf3 e5 11.Bxc6 bxc6 12.Qd2 exd4 13.exd4 Qf6 14.Rad1 c5 15.d5 a6
16.Rc1 Rfe8 17.Bf4 Rab8 18.b3 Qf5 19.h3 h5 20.Bh6 Bf6 21.Be3 Ne5 22.Qc2 Nd3
23.Rcd1 Nb4 24.Qxf5 gxf5 25.Bd2 Bxc3 26.Bxc3 Nxa2 27.Ba5 Rb7 28.Rfe1 Kf8
29.Rxe8+ Kxe8 30.Ra1 Nb4 31.Bxb4 Rxb4 32.Rxa6 Rxb3 33.Ra8+ Ke7 34.Rc8 Rc3
35.Rxc7+ Kf6 36.Rd7 Rxc4 37.Rxd6+ Ke5 38.Rh6 Rc1+ 39.Kh2 Rd1 40.Rxh5 c4 41.Rh8
Rxd5 42.Rc8 Kd4 43.h4 c3 44.f4 Rc5 45.Rd8+ Ke4 {#R} 0-1

[Event "Hampstead U2200 Congress"]
[Site "London, England"]
[Date "2012.09.23"]
[Round "5"]
[White "Torrance,John"]
[Black "Rogers,Tim"]
[Result "0-1"]
[WhiteElo "1707"]
[BlackElo "2010"]

1.d4 d5 2.Bg5 Nf6 3.Nd2 e6 4.Ngf3 Be7 5.e3 h6 6.Bh4 Nbd7 7.Bd3 b6 8.Ne5 Nxe5
9.dxe5 Nd7 10.Bg3 Nc5 11.Be2 Ba6 12.Bxa6 Nxa6 13.f4 c5 14.Qg4 g6 15.f5 Nb4
16.O-O-O exf5 17.Qf3 Nxa2+ 18.Kb1 Nb4 19.e4 Qd7 20.exd5 Qxd5 21.Qa3 O-O 22.Nf3
Qe6 23.h4 h5 24.Be1 a5 25.Bc3 Rfd8 26.Qa4 b5 27.Qa1 Nc6 28.Rhe1 a4 29.Bd2 Rd5
30.b3 Ra7 31.Qc3 axb3 32.Qxb3 Nd4 33.Nxd4 Rxd4 34.g3 Qxb3+ 35.cxb3 Rd3 36.Re3
Rad7 37.Rxd3 Rxd3 38.Kc2 Rxg3 39.Bg5 Bxg5 40.hxg5 Rxg5 41.Rd7 f4 42.Rd5 f6
43.Rxc5 Rxe5 44.Rc6 Kf7 45.Kd2 g5 46.b4 h4 47.Rc3 Kg6 48.Kd1 g4 49.Rc8 h3
50.Rg8+ Kf5 51.Kd2 g3 52.Rg7 h2 53.Rh7 g2 54.Rxh2 g1=Q 55.Rh5+ Ke4 56.Rxe5+
fxe5 57.Kc2 Qe3 58.Kb2 f3 59.Kc2 f2 60.Kb2 f1=Q 61.Kc2 Qff2+ {#R} 0-1

[Event "Hampstead U2200 Congress"]
[Site "London, England"]
[Date "2012.09.23"]
[Round "5"]
[White "Levene,Joseph"]
[Black "Dixit,Kumar"]
[Result "1/2-1/2"]
[WhiteElo "2095"]
[BlackElo "1876"]

1.e4 c6 2.d4 d5 3.exd5 cxd5 4.Bd3 Nc6 5.c3 Qc7 6.Ne2 Nf6 7.Bf4 e5 8.dxe5 Nxe5
9.Bb5+ Bd7 10.Bxd7+ Kxd7 11.O-O Bd6 12.Nd2 Rhe8 13.Nd4 Nf3+ 14.N2xf3 Bxf4
15.Qa4+ Kc8 16.g3 Bd6 17.c4 dxc4 18.Rac1 Kb8 19.Rxc4 Qd7 20.Qb3 b6 21.Nc6+ Kb7
22.Na5+ Ka6 23.Qd3 Kxa5 24.Rd4 Qb5 25.Rxd6 Qxd3 26.Rxd3 Re2 27.Ra3+ Kb4
28.Rb3+ Kc5 29.Rc1+ Kd6 30.Nd4 Re5 31.Nb5+ Ke7 32.Rc7+ Kf8 33.Rxa7 Rxa7
34.Nxa7 Ra5 35.Nc6 Rxa2 36.Rxb6 Nd7 37.Rb7 Ra1+ 38.Kg2 Rd1 39.b4 g6 40.b5 Nc5
{#d} 1/2-1/2

[Event "Hampstead U2200 Congress"]
[Site "London, England"]
[Date "2012.09.23"]
[Round "5"]
[White "Cetens,Edward"]
[Black "Wong,Arturo"]
[Result "0-1"]
[WhiteElo "1835"]
[BlackElo "2070"]

1.d4 d5 2.Nf3 Nf6 3.Bf4 c5 4.e3 Qb6 5.Qc1 Nh5 6.Bg3 Nxg3 7.hxg3 cxd4 8.Nxd4 e5
9.Nb3 Bf5 10.N1d2 Nc6 11.c3 a5 12.Nf3 a4 13.Nbd2 Bc5 14.Be2 O-O 15.Nh4 Bg6
16.O-O e4 17.c4 d4 18.Nxg6 fxg6 19.Nxe4 dxe3 20.f4 Rae8 21.Nxc5 Qxc5 22.Qc3
Nd4 23.Rfe1 g5 24.Rad1 Nxe2+ 25.Rxe2 gxf4 26.gxf4 Rxf4 27.Rd7 Rf7 28.Rd3 Ref8
29.Rd5 Rf1+ 30.Kh2 Qc7+ 31.Qe5 Qxc4 32.Qe6+ Kh8 33.Rxe3 Qf4+ 34.Rg3 Rh1+
35.Kxh1 Qxg3 36.Rf5 Qh4+ 37.Kg1 Qd4+ 38.Kh1 Rd8 39.Qf7 h6 40.Qe7 Kh7 41.Rf1
Rd5 42.Qe2 Rc5 43.Rd1 Qh4+ 44.Kg1 Qf4 45.Qd3+ Rf5 46.Qe2 h5 47.Rd3 Qc1+ 48.Rd1
Qc5+ 49.Kh1 Rf4 50.Qd3+ g6 51.Qd7+ Kh6 52.Qd2 Qg5 53.Qc3 Qh4+ {#R} 0-1

[Event "Hampstead U2200 Congress"]
[Site "London, England"]
[Date "2012.09.23"]
[Round "5"]
[White "Sagues,Vincent"]
[Black "Kalaiyalahan,Akshaya"]
[Result "1/2-1/2"]
[WhiteElo "1960"]
[BlackElo "1711"]

1.e4 c5 2.Nf3 e6 3.d4 cxd4 4.Nxd4 d6 5.Nc3 a6 6.Be3 Nf6 7.Be2 Qc7 8.a4 b6
9.O-O Bb7 10.f3 Be7 11.Qd2 O-O 12.Rad1 Nbd7 13.Kh1 Rac8 14.Nb3 Nc5 15.Bf4 Nxb3
16.cxb3 e5 17.Be3 Rfd8 18.Bc4 Re8 19.Qe2 Ra8 20.Rc1 Qb8 21.Qf2 b5 22.axb5 axb5
23.Bxb5 Rf8 24.Rfd1 Ba6 25.Bc6 Bb7 26.Bxb7 Qxb7 27.Bg5 Qxb3 28.Bxf6 Bxf6
29.Rxd6 Rfb8 30.Rcd1 Qxb2 31.Qxb2 Rxb2 32.R6d3 Kf8 33.R3d2 Rxd2 34.Rxd2 Be7
35.Rd1 Rd8 36.Rxd8+ Bxd8 37.Nd5 Ke8 38.Kg1 Kd7 39.Kf2 Kd6 40.Ke3 Ke6 41.g4 g6
42.h3 f5 43.Nc3 f4+ 44.Kd3 h5 45.Nd5 hxg4 {#d} 1/2-1/2

[Event "Hampstead U2200 Congress"]
[Site "London, England"]
[Date "2012.09.23"]
[Round "5"]
[White "Garland Hoff,Florian"]
[Black "Vlcek,Marek"]
[Result "0-1"]
[WhiteElo "1605"]
[BlackElo "1952"]

1.e4 e5 2.Nf3 Nc6 3.Nc3 Nf6 4.d4 exd4 5.Nxd4 Bb4 6.Nxc6 bxc6 7.Bd3 O-O 8.O-O
Bxc3 9.bxc3 d5 10.exd5 cxd5 11.Bg5 Qd6 12.Qf3 Bg4 13.Qf4 Qxf4 14.Bxf4 c6 15.f3
Be6 16.Rab1 Nd7 17.Kf2 Rfe8 18.g4 Nc5 19.Rfe1 Na4 20.Bd2 Rab8 21.Rb3 Nc5
22.Rbb1 Rb6 23.Be3 Nxd3+ 24.cxd3 Ra6 25.Rb2 Ra3 26.Rc1 f5 27.Kg3 fxg4 28.fxg4
Bxg4 29.Bxa7 Bf5 30.Bc5 Ra4 31.d4 g6 32.a3 Bd3 33.Kf4 Re4+ 34.Kf3 Ra8 35.Rd1
Bc4 36.Rdd2 Rae8 37.Kf2 Rf4+ 38.Kg3 g5 39.Bb4 Re3+ 40.Kg2 Bf1+ 41.Kh1 Re1
42.Rg2 Bd3+ 43.Rg1 Be4+ 44.Rbg2 Rff1 45.h4 Rxg1+ 46.Kh2 Rxg2+ 47.Kh3 Rh1# 0-1

[Event "Hampstead U2200 Congress"]
[Site "London, England"]
[Date "2012.09.23"]
[Round "5"]
[White "Hayward,Alan"]
[Black "Springett,Michael"]
[Result "1-0"]
[WhiteElo "1944"]
[BlackElo "1375"]

1.d4 d5 2.Nc3 Nf6 3.Bg5 e6 4.e4 Be7 5.e5 Nfd7 6.h4 Bxg5 7.hxg5 Qxg5 8.Nb5 Na6
9.Nf3 Qe7 10.c3 Nb6 11.Qc2 h6 12.a4 Bd7 13.O-O-O O-O-O 14.Nxa7+ Kb8 15.Nb5 c5
16.b3 Nc7 17.Nd6 f6 18.dxc5 Nc8 19.Kb2 fxe5 20.Nxe5 Qf6 21.Nxd7+ Rxd7 22.Nxc8
Kxc8 23.Bb5 Nxb5 24.axb5 d4 25.cxd4 Rxd4 26.Rxd4 Qxd4+ 27.Kb1 Rd8 28.Re1 Kc7
29.Rxe6 Ra8 30.b6+ Kd7 31.Rd6+ {#r} 1-0

[Event "Hampstead U2200 Congress"]
[Site "London, England"]
[Date "2012.09.23"]
[Round "5"]
[White "Moss,Guy"]
[Black "Whitworth,Michael"]
[Result "1-0"]
[WhiteElo "1935"]
[BlackElo "1495"]

1.e4 c6 2.d4 d5 3.exd5 cxd5 4.c4 e6 5.Nc3 Nf6 6.Nf3 Nc6 7.Be2 Be7 8.c5 O-O
9.a3 Re8 10.O-O a6 11.b4 Qc7 12.Rb1 e5 13.dxe5 Nxe5 14.Nxd5 Nxd5 15.Qxd5 Bf6
16.Bf4 Nxf3+ 17.Qxf3 Qe7 18.Bd3 Be6 19.Bd6 Qd7 20.Be4 Bg4 21.Qd3 h6 22.Rbc1
Bb2 23.Rc2 Bxa3 24.c6 bxc6 25.Bxc6 Qe6 26.Bxe8 Rxe8 27.Qxa3 Qxd6 28.Qb2 Qd3
29.Rd2 Qb5 30.h3 Bf5 31.Rfd1 Kh7 32.Qb3 Qb7 33.Rd6 Re5 34.R6d5 Be6 35.Qc2+ Bf5
36.Qd2 Rxd5 37.Qxd5 Qc8 38.Qxf7 Be6 39.Qf3 Kg8 40.Qd3 Qc6 41.Qg6 Qc8 42.Re1
Bf7 43.Qd6 Qc3 44.Rd1 Bb3 45.Qd8+ Kf7 46.Rd7+ Kg6 47.Qe8+ Kh7 48.Qe4+ Kh8
49.Qd4 Qc1+ 50.Kh2 Qg5 51.f4 Qg6 52.f5 Qg5 53.h4 {#r} 1-0

[Event "Hampstead U2200 Congress"]
[Site "London, England"]
[Date "2012.09.23"]
[Round "5"]
[White "Georgiev,Ivan"]
[Black "Chakanyuka,Charles"]
[Result "0-1"]
[WhiteElo "1775"]
[BlackElo "2071"]

1.d4 Nf6 2.Nc3 d6 3.Bg5 c6 4.Qd2 Nbd7 5.e4 e5 6.d5 Be7 7.dxc6 bxc6 8.Bc4 O-O
9.Bb3 Nc5 10.f3 a5 11.Bxf6 Bxf6 12.Nge2 Ba6 13.Na4 Bg5 14.Qc3 Ne6 15.Bc4 Bb5
16.b3 Bxa4 17.bxa4 Nc5 18.Bb3 Qb6 19.h4 Bf6 20.g4 d5 21.Qe3 d4 22.Qd2 Rfd8
23.Nc1 Be7 24.Nd3 Ne6 25.Kf1 Bb4 26.Qe2 Bd6 27.Kg2 Qa6 28.Kf2 Rab8 29.Bxe6
fxe6 30.f4 exf4 31.e5 Bc7 32.Qe4 Qc4 33.Rhc1 Rf8 34.Kf3 Qc3 35.Qe2 c5 36.Qe1
Qa3 37.Kf2 c4 {#R} 0-1

[Event "Hampstead U2200 Congress"]
[Site "London, England"]
[Date "2012.09.23"]
[Round "5"]
[White "Verma,Aditya"]
[Black "Jain,Gautam"]
[Result "1/2-1/2"]
[WhiteElo "1635"]
[BlackElo "1855"]

1.d4 f5 2.Nf3 e6 3.Bf4 Nf6 4.e3 Be7 5.Bd3 O-O 6.h3 d5 7.O-O Ne4 8.Ne5 g5 9.Bh2
Qe8 10.f3 Nd6 11.Nd2 Nd7 12.Nxd7 Bxd7 13.Bxd6 Bxd6 14.e4 Bg3 15.c4 c6 16.Qb3
Qf7 17.exf5 exf5 18.cxd5 cxd5 1/2-1/2

[Event "Hampstead U2200 Congress"]
[Site "London, England"]
[Date "2012.09.23"]
[Round "5"]
[White "Cavendish,Joshua"]
[Black "Perrin,Jonathan"]
[Result "1-0"]
[WhiteElo "1624"]
[BlackElo "1786"]

1.e4 d6 2.Nc3 Nf6 3.Bc4 e5 4.d3 Be7 5.f4 c6 6.fxe5 dxe5 7.Nf3 Bg4 8.Bxf7+ Kxf7
9.Nxe5+ Ke8 10.Nxg4 Qb6 11.Nxf6+ Bxf6 12.Qh5+ g6 13.Qf3 Rf8 14.Qe2 Nd7 15.Nd1
Rd8 16.Be3 Bd4 17.Bxd4 Qxd4 18.c3 Qb6 19.Ne3 Ne5 20.d4 Nd7 21.O-O-O c5 22.Nd5
Qa5 23.Qg4 Rf7 24.Qe6+ Kf8 25.Rhf1 Rxf1 26.Rxf1+ Kg7 27.Rf7+ Kh8 28.Nf6 Nf8
29.Qe7 Qxa2 30.Qxf8+ Rxf8 31.Rxh7# 1-0

[Event "Hampstead U2200 Congress"]
[Site "London, England"]
[Date "2012.09.23"]
[Round "5"]
[White "Wei,Naomi"]
[Black "Zhou,Yang-Jian"]
[Result "0-1"]
[WhiteElo "1780"]
[BlackElo "1603"]

1.d4 Nf6 2.Nf3 g6 3.Bf4 Bg7 4.Nc3 d6 5.e4 O-O 6.Qd2 c5 7.Bc4 cxd4 8.Nxd4 e5
9.Bg5 exd4 10.Nd5 Nxe4 11.Bxd8 Nxd2 12.Kxd2 Rxd8 13.Nc7 Bh6+ 14.Kd1 Nc6
15.Nxa8 Ne5 16.Be2 Bf5 17.Nc7 Rc8 18.Nd5 Bxc2+ 19.Ke1 Rc5 20.Nb4 d3 21.Bd1 a5
22.Nxd3 Nxd3+ 23.Ke2 Re5+ 24.Kf1 Re1# 0-1

[Event "Hampstead U2200 Congress"]
[Site "London, England"]
[Date "2012.09.23"]
[Round "5"]
[White "Saravanan,Karthik"]
[Black "Sloan,Cecil"]
[Result "0-1"]
[WhiteElo "1565"]
[BlackElo "1735"]

1.e4 c5 2.Nf3 g6 3.Bc4 Bg7 4.c3 Nc6 5.d4 cxd4 6.cxd4 Nf6 7.Nc3 O-O 8.O-O Nxe4
9.Nxe4 d5 10.Bd3 dxe4 11.Bxe4 Nxd4 12.Nxd4 Qxd4 13.Qf3 Qb4 14.Rd1 Rb8 15.a3
Qa4 16.Bf4 e5 17.Be3 b6 18.Bc6 Qh4 19.Rd2 Be6 20.Rad1 Bg4 21.Qe4 Qh5 22.Rc1
Bf5 23.Qc4 Rbc8 24.Rdd1 e4 25.Qb4 Rxc6 26.f3 Rxc1 27.Rxc1 exf3 28.g4 Bxg4
29.Qe7 Be6 30.Rc2 f2+ 31.Rxf2 Qd1+ 32.Kg2 Qg4+ 33.Kf1 Bc4+ 34.Ke1 Qc8 35.Qb4
Re8 36.Rf3 Bh6 37.Kf2 Bxe3+ 38.Rxe3 Rxe3 39.Kxe3 Qc5+ 40.Kf4 Qxb4 41.axb4 Kg7
42.h4 Kf6 43.Kg4 h5+ 44.Kf4 Ke6 45.Kg5 Kd6 46.Kf6 Kc6 47.Ke7 Kb5 48.Kd7 Kxb4
49.Kc7 b5 50.Kb7 a5 51.Kb6 f5 0-1